बस यूँ ही अनायास/ (Record no. 214047)

MARC details
000 -LEADER
fixed length control field 00796nam a22002057a 4500
005 - DATE AND TIME OF LATEST TRANSACTION
control field 20260108152549.0
010 ## - LCCN (DPL NO)
LC control number HIN-130744
020 ## - INTERNATIONAL STANDARD BOOK NUMBER
Terms of availability 225.00
International Standard Book Number 9789356822313
035 ## - SYSTEM CONTROL NUMBER
System control number HN-103090
037 ## - SOURCE OF ACQUISITION
Source of stock number/acquisition DBAD
082 ## - DEWEY DECIMAL CLASSIFICATION NUMBER
Classification number 821
Edition number 1
100 ## - MAIN ENTRY--PERSONAL NAME
Personal name सजिश कुमार
245 ## - TITLE STATEMENT
Title बस यूँ ही अनायास/
Statement of responsibility, etc सजिश कुमार
250 ## - EDITION STATEMENT
Edition statement 1
260 ## - PUBLICATION, DISTRIBUTION, ETC. (IMPRINT)
Name of publisher, distributor, etc प्रभाकर प्रकाशन
Date of publication, distribution, etc 2024
Place of publication, distribution, etc दिल्ली
270 ## - ADDRESS
City दिल्ली
Address प्लाट न.-55, मेन मदर डेरी रोड, पांडव नगर ईस्ट
Postal code 110092
Telephone number 011-40395855
-- 8368220032
300 ## - PHYSICAL DESCRIPTION
Extent 203पृ.
Dimensions 20सेमी (अजिल्द)
700 ## - ADDED ENTRY--PERSONAL NAME
9 (RLIN) 86235
942 ## - ADDED ENTRY ELEMENTS (KOHA)
Source of classification or shelving scheme Dewey Decimal Classification
Item type Hindi Books
Classification part 821
Call number suffix सजिश
Holdings
Withdrawn status Lost status Not for loan Collection code Home library Current library Date acquired Source of acquisition Cost, normal purchase price Full call number Barcode Copy number Cost, replacement price Koha item type
      Non-fiction Bawana Bawana 08/01/2026 Delivery of Books Act Division 225.00 821 सजिश HN-103090 1 225.00 Hindi Books

© Delhi Public Library
Hit Counter
free hit counter